Pamätníček

Podrobná bibliografia
Hlavný autor: Rúfus, Milan, 1928-2009 (Autor)
Ďalší autori: Gálová, Mária, 1949- (Editor), Rúfusová, Zuzana, 1961-2023 (Ilustrátor)
Médium: Kniha
Jazyk:slovenčina
PhysicalDescription:69 s. fareb. ilustr. 17 cm
Vydavateľské údaje: Bratislava Slovenské pedagogické nakladateľstvo - Mladé letá 2014
ISBN:9788010026029
Vydanie:5. rozšír. vyd.
Predmet:

MARC

LEADER 00000cam a2200000 a 4500
001 vtls010628814
003 SK-MaSNL
005 20260301045347.0
008 240322s2014 xo a g 000 p slo
015 |a SNBA2014/11 
020 |a 9788010026029  |q (viaz.) 
035 |a 36ECB61B-226C-4A80-AF18-CBA9DFFDD80B 
035 |a urn:nbn:sk:snk-amkd0s 
035 |a urn:nbn:sk:snk-am003wh0 
040 |a SNK  |b slo  |c SNK  |e AACR2 
041 0 |a slo 
044 |a xo  |c SK 
072 7 |a 821.162.4-1  |x Slovenská poézia  |2 konspekt 
080 |a 821.162.4-1  |2 2001 
100 1 |a Rúfus, Milan,  |d 1928-2009  |4 aut  |9 108568 
245 1 0 |a Pamätníček  |c Milan Rúfus ; ilustrovala Zuzana Rúfusová 
250 |a 5. rozšír. vyd. 
260 |a Bratislava  |b Slovenské pedagogické nakladateľstvo - Mladé letá  |c 2014 
300 |a 69 s.  |b fareb. ilustr.  |c 17 cm 
655 7 |a slovenská poézia  |2 SNKPH  |9 70444 
655 7 |a Slovak poetry  |2 SNKPHeng  |9 265010 
700 1 |a Gálová, Mária,  |d 1949-  |4 edt  |9 108924 
700 1 |a Rúfusová, Zuzana,  |d 1961-2023  |4 ill  |9 225790 
852 |a Slovenská národná knižnica 
919 |a 978-80-10-02602-9 
954 |a beletria pôvodná (slovenská)  |2 lita 
958 |a LX 
999 |c 598139  |d 600069 
952 |a SNK  |b SNK  |y PREZ  |7 0  |p 17A1118914  |o snkSD 83627  |i snk2014/23851  |8 0  |0 0  |1 0  |4 0  |d 2014-11-03  |f 1  |l 0  |r 2017-06-30 00:00:00  |w 2026-02-23 
952 |a SNK  |b SNK  |y VYP  |7 0  |p 17A1118915  |o snkSD 83627 D1  |i snk2014/23853  |8 0  |0 0  |1 0  |4 0  |d 2014-11-03  |l 0  |r 2017-06-30 00:00:00  |w 2026-02-23